000
00288nam a2200097Ia 4500
001
698687
005
20250826162056.0
008
250824s9999 xx 000 0 und d
245
0
_a
SEYAHATNAMEDEN SEÇMELER (ANTİK OKUL KLASİKLERİ)
_c
EVLİYA ÇELEBİ
260
_b
ANTİK DÜNYA KLASİKLERİ
999
_c
698687
_d
698687